Territorios no autónomos - Estadísticas

Estadísticas generales
  • Esta prueba ha sido intentada 15 veces
  • La puntuación promedio es 7 de 16
Estadísticas de respuestas
Hint Respuesta % Correcto
Reino Unido Gibraltar
62%
Estados Unidos Guam
62%
Francia Nueva Caledonia
62%
Francia Polinesia Francesa
54%
Nueva Zelanda Tokelau
54%
Reino Unido Anguila
46%
Reino Unido Islas Vírgenes Británicas
46%
Reino Unido Bermudas
38%
Reino Unido Islas Caimán
38%
Reino Unido Islas Malvinas
38%
Estados Unidos Samoa Americana
38%
Reino Unido Islas Pitcairn
31%
Estados Unidos Islas Vírgenes de los Estados Unidos
31%
Reino Unido Islas Turcas y Caicos
23%
- Sáhara Occidental
23%
Reino Unido Santa Elena
15%
No se encontraron pruebas coincidentes
Distribución de puntuación
Porcentaje de gente con cada puntuación
Porcentaje por número respondido
Historial de tus puntuaciones
No has intentado esta prueba.